| 000 | 00758nam a22002177a 4500 | ||
|---|---|---|---|
| 003 | LK-CoDNM | ||
| 005 | 20241008123052.0 | ||
| 008 | 241008b |||||||| |||| 00| 0 eng d | ||
| 040 |
_aLK-CoDNM _dLK-CoDNM _eLK-CoDNM |
||
| 041 | _asin | ||
| 080 |
_a105 _bB9 |
||
| 100 | _aපූජ්ය දික්වැල්ලේ උපතිස්ස හිමි | ||
| 245 | _aපිරිත් තුන් සූත්රය | ||
| 260 |
_aකොළඹ 10 _bසමයවර්ධන _c1981 |
||
| 300 | _b33p. ; 12 cm | ||
| 650 | _aපිරිත් තුන් සූත්රය | ||
| 650 | _aපූජ්ය දික්වැල්ලේ උපතිස්ස හිමි | ||
| 650 | _aකොළඹ 10 | ||
| 650 | _a105 B9 | ||
| 942 | _cBK | ||
| 999 |
_c218364 _d218364 |
||